[Event "GER-chT U20"]
[Site "Kiel"]
[Date "2022.07.24"]
[Round "4.7"]
[White "Peschel, Jan"]
[Black "Woltmann, Peter"]
[Result "0-1"]
[WhiteElo "1559"]
[BlackElo "1556"]
[PlyCount "102"]
[EventDate "2022.07.22"]
[EventType "team-swiss"]
[EventRounds "7"]
[EventCountry "GER"]
[SourceTitle "CBM 209 Extra"]
[Source "ChessBase"]
[SourceDate "2022.09.30"]
[SourceVersion "1"]
[SourceVersionDate "2022.09.30"]
[SourceQuality "1"]
[WhiteTeam "Biebertal"]
[BlackTeam "Kiel Doppelbauer"]
[WhiteTeamCountry "GER"]
[BlackTeamCountry "GER"]

1. e4 e5 2. Nf3 Nc6 3. Bc4 Nf6 4. d3 Be7 5. c3 0-0 6. 0-0 d6 7. Bb3 Na5 8. Bc2 Be6 9. d4 exd4 10. cxd4 d5 11. e5 Ne4 12. Re1 Bf5 13. a3 c5 14. Bxe4 dxe4 15. Nfd2 Qxd4 16. Nc3 Rad8 17. Qe2 Bg5 18. Ndxe4 Bxc1 19. Nd6 Bd3 20. Ncb5 Bxb5 21. Qxb5 Bxb2 22. Rab1 Bc3 23. Rbd1 Qg4 24. f3 Qg5 25. Re4 Bxe5 26. Qxa5 Bxd6 27. Rde1 Qd5 28. Qxa7 c4 29. Qa4 b5 30. Qa5 Ra8 31. Qc3 Bxa3 32. Re5 Qd3 33. Qxd3 cxd3 34. Rd1 Rfe8 35. Rxb5 Rad8 36. Rb3 Bc5+ 37. Kf1 Re3 38. Rc3 Bb6 39. Rb1 d2 40. Rxe3 d1Q+ 41. Rxd1 Rxd1+ 42. Ke2 Bxe3 43. Kxd1 Bg1 44. h3 g5 45. Ke2 Kg7 46. Kd3 Kg6 47. g4 h5 48. Ke4 hxg4 49. hxg4 f5+ 50. gxf5+ Kf6 51. f4 g4 0-1

[Event "GER-ch U12"]
[Site "Willingen"]
[Date "2019.06.14"]
[Round "8"]
[White "Guo, Philipp Ziming"]
[Black "Woltmann, Peter"]
[Result "1-0"]
[WhiteElo "1674"]
[BlackElo "1471"]
[PlyCount "95"]
[EventDate "2019.06.08"]
[EventType "swiss"]
[EventRounds "9"]
[EventCountry "GER"]
[SourceTitle "CBM 191 Extra"]
[Source "ChessBase"]
[SourceDate "2019.09.30"]
[SourceVersion "1"]
[SourceVersionDate "2019.09.30"]
[SourceQuality "1"]

1. e4 e6 2. d4 d5 3. Nc3 Nf6 4. e5 Nfd7 5. f4 c5 6. Nf3 Be7 7. Be2 Nc6 8. Be3 Qb6 9. Na4 Qa5+ 10. Nc3 0-0 11. 0-0 h6 12. Qd2 cxd4 13. Nxd4 Nxd4 14. Bxd4 Bc5 15. Rad1 Bxd4+ 16. Qxd4 Qb6 17. Qxb6 Nxb6 18. Nb5 Bd7 19. Nd6 Bc6 20. Bg4 Nc4 21. Nxc4 dxc4 22. Rd4 b5 23. Rfd1 a5 24. Kf2 a4 25. a3 Rfc8 26. c3 Kf8 27. Bf3 g5 28. Bxc6 Rxc6 29. fxg5 hxg5 30. Rg4 b4 31. cxb4 c3 32. bxc3 Rxc3 33. Rg3 Rc2+ 34. Ke3 Ra2 35. Rd3 Rc8 36. Rxg5 Rcc2 37. g3 Rxh2 38. Rd8+ Ke7 39. Rgg8 Rxa3+ 40. Kf4 f6 41. Rge8+ Kf7 42. Rf8+ Kg7 43. exf6+ Kg6 44. Rd7 Rh7 45. Rg8+ Kxf6 46. Rxh7 Rb3 47. Rb8 a3 48. Ra7 1-0